000 00329nam a2200157Ia 4500
100 _aMuralikrishna/C
650 _aCommunication Skill
942 _cBK
366 _f20
245 _aCommunication skill for engineers
260 _bPearson
_c2011
082 _bMUR
300 _a276
546 _aENGLISH
_cTTL
999 _c29760
_d29760